The right hand of dextia

Guardado en:
Detalles Bibliográficos
Formato: Libro
Etiquetas: Agregar Etiqueta
Sin Etiquetas, Sea el primero en etiquetar este registro!
Thư viện lưu trữ: Mạng thư viện Đại học Đà Nẵng
LEADER 00407nam a22001691a 4500
001 000040663
003 16958
005 20160412023249.0
008 160412s0 000
082 |a A23198 
245 |a The right hand of dextia  |c David J.Lake 
OWN |a LNN 
999 |a From the UDN01 
TYP |a Monograph 
980 |a Mạng thư viện Đại học Đà Nẵng